Voľba obrábacieho stroja pre sústružnícke operácie na danej súčiastke

Salvato in:
Dettagli Bibliografici
Autore principale: Paulovič, Adam (Autore)
Altri autori: Bučányová, Marcela (Relatore della tesi)
Natura: Manoscritto Libro
Lingua:slovacco
Pubblicazione: 2019
Soggetti:
Accesso online:http://is.stuba.sk/zp/portal_zp.pl?podrobnosti=140579
Tags: Aggiungi Tag
Nessun Tag, puoi essere il primo ad aggiungerne!!

MARC

LEADER 00000ntm a22000003a 4500
001 stuzp72984
003 SK-STU
005 20190622211118.7
007 ta
008 150427s2015----xo-----f-mn---000-0-slo-d
040 |a STU  |b slo 
041 0 |a slo 
100 1 |a Paulovič, Adam  |u 063000  |4 aut  |U MTF Materiálovotechnologická fakulta  |T MTF Ústav výrobných technológií  |X 86345  |U M3000  |Y 83  |7 86345 
242 0 1 |a The selection of machine tool for turning operations on given component  |y eng 
245 1 0 |a Voľba obrábacieho stroja pre sústružnícke operácie na danej súčiastke 
260 |c 2019 
650 4 |a sústruženie  |2 slo 
650 4 |a sústruh  |2 slo 
650 4 |a voľba stroja  |2 slo 
650 4 |a lathe  |2 eng 
650 4 |a turning  |2 eng 
650 4 |a selection of machine tool  |2 eng 
700 1 |a Bučányová, Marcela  |u 063800  |k Z1  |4 ths  |U MTF Ústav výrobných technológií  |T MTF Katedra výrobných zariadení a systémov  |X 4306  |U M3800  |Y 660  |7 A000004306 
856 4 |u http://is.stuba.sk/zp/portal_zp.pl?podrobnosti=140579 
996 |c M* BP-8613  |l MMSKP  |s P  |a 0  |w stuzp72984_0001